UEFA Europa League: 20+ Goal Contributions (2000-) - Statistics

General Stats
  • This quiz has been taken 15 times
  • The average score is 23 of 37
Answer Stats
Ranking Player Positions Nationality Matches Goals (assists) Periods Clubs % Correct
7 Alexandre Lacazette FW 58 26 (5) 2012-2013, 2016-2020, 2024-2025
100%
4 Dries Mertens MF, FW 73 18 (17) 2010-2015, 2017-2018, 2020-2021, 2023-2025
100%
6 Edin Džeko FW 52 24 (9) 2009-2011, 2016-2017, 2019-2020, 2024-2025
100%
2 Pierre-Emerick Aubameyang MF, FW 62 34 (6) 2009-2010, 2015-2016, 2018-2021, 2023-2024
100%
3 Radamel Falcao FW 31 30 (5) 2010-2013
100%
5 Romelu Lukaku FW 46 27 (7) 2009-2010, 2014-2015, 2019-2020, 2023-2024
100%
1 Bruno Fernandes MF, FW 58 27 (21) 2017-2020, 2022-2023, 2024-2025
92%
16 Florian Wirtz MF, FW 33 12 (12) 2019-2024
83%
18 Juan Mata MF, FW 50 10 (14) 2009-2010, 2012-2013, 2015-2016, 2019-2021
83%
10 Kévin Gameiro FW 51 22 (6) 2011-2012, 2013-2015, 2017-2019
83%
21 Luuk de Jong FW 48 17 (5) 2009-2012, 2014-2015, 2019-2020, 2021-2023
83%
34 Marcus Rashford MF, FW 42 14 (6) 2015-2016, 2019-2020, 2022-2023, 2024-2025
83%
29 Edinson Cavani MF, FW 20 18 (3) 2010-2011, 2012-2013, 2020-2021
75%
25 Olivier Giroud FW 25 15 (7) 2017-2018, 2023-2024
75%
19 Pedro MF, FW 51 13 (10) 2018-2019, 2020-2022, 2024-2025
75%
14 Andriy Yarmolenko MF, FW 49 15 (9) 2010-2014, 2021-2022, 2024-2025
67%
8 Aritz Aduriz FW 39 26 (5) 2011-2012, 2014-2018
67%
30 Christian Eriksen MF, FW 55 10 (11) 2009-2016, 2019-2020, 2022-2023, 2024-2025
67%
23 Ciro Immobile FW 35 16 (6) 2017-2019, 2021-2022, 2024-2025
67%
36 Filip Kostić DF, MF, FW 46 9 (11) 2018-2019, 2021-2022, 2024-2025
67%
32 Galeno DF, MF, FW 33 10 (11) 2019-2021, 2024-2025
67%
31 Henrikh Mkhitaryan MF, FW 55 10 (11) 2015-2021
67%
11 Carlos Bacca FW 55 19 (6) 2012-2014, 2017-2018, 2020-2021
58%
9 Moanes Dabbur MF, FW 49 24 (5) 2011-2012, 2013-2014, 2016-2021
58%
26 Moussa Diaby DF, MF, FW 28 12 (10) 2019-2023
58%
33 Fernando Llorente FW 36 16 (4) 2009-2010, 2011-2013, 2015-2016
50%
13 Gerard Moreno MF, FW 35 16 (8) 2014-2015, 2018-2019, 2020-2021, 2023-2024
50%
15 Ricardo Horta MF, FW 50 14 (10) 2016-2017, 2019-2022, 2024-2025
50%
24 Alfredo Morelos FW 33 15 (7) 2018-2022
42%
22 Giuseppe Rossi FW 32 17 (5) 2009-2010, 2013-2014, 2015-2017
42%
28 Óscar Cardozo FW 49 20 (1) 2009-2010, 2012-2014, 2016-2017
33%
12 Taison MF, FW 59 14 (11) 2010-2013, 2015-2016, 2018-2020, 2024-2025
33%
17 Lorenzo Pellegrini MF 53 11 (13) 2016-2017, 2019-2020, 2022-2025
25%
35 Jeremain Lens MF, FW 57 13 (7) 2010-2014, 2016-2017, 2018-2020
17%
37 Viktor Tsyhankov MF, FW 33 9 (11) 2017-2020, 2022-2023
8%
27 Bibras Natkho MF, FW 53 11 (11) 2009-2013, 2017-2020
0%
20 Lior Refaelov MF, FW 36 12 (11) 2011-2012, 2014-2015, 2020-2021, 2023-2024
0%
No matching quizzes found
Score Distribution
Percent of People with Each Score
Percentile by Number Answered
Your Score History
You have not taken this quiz